|
|
|
|
| LEADER |
00000nam0a2200000 4500 |
| 001 |
202264 |
| 005 |
20231031185314.0 |
| 035 |
|
|
|a (RuTPU)RU\TPU\book\220418
|
| 090 |
|
|
|a 202264
|
| 100 |
|
|
|a 20111008d1982 km y0rusy50 ca
|
| 101 |
0 |
|
|a rus
|
| 102 |
|
|
|a RU
|
| 105 |
|
|
|a a g 001zy
|
| 200 |
1 |
|
|a Залежи нефти и газа в ловушках неантиклинального типа
|f В. Я. Ратнер [и др.]
|g под ред. В. В. Семеновича
|
| 210 |
|
|
|a Москва
|c Недра
|d 1982
|
| 215 |
|
|
|a 189 с.
|c ил.
|
| 320 |
|
|
|a Библиогр.: с. 183-185.
|
| 320 |
|
|
|a Указатель месторождений: с. 186-188.
|
| 610 |
1 |
|
|a геология
|
| 610 |
1 |
|
|a полезные ископаемые
|
| 610 |
1 |
|
|a нефтяные месторождения
|
| 610 |
1 |
|
|a нефтяные ловушки
|
| 610 |
1 |
|
|a газовые месторождения
|
| 610 |
1 |
|
|a газовые ловушки
|
| 610 |
1 |
|
|a справочники
|
| 675 |
|
|
|a 553.982(035)
|v 3
|
| 701 |
|
1 |
|a Ратнер
|b В. Я.
|g Вячеслав Яковлевич
|
| 701 |
|
1 |
|a Булатов
|b Н. Н.
|
| 701 |
|
1 |
|a Зубова
|b М. А.
|
| 701 |
|
1 |
|a Польстер
|b Л. А.
|
| 702 |
|
1 |
|a Семенович
|b В. В.
|g Владимир Владимирович
|4 340
|
| 801 |
|
1 |
|a RU
|b 63413507
|c 20111008
|
| 801 |
|
2 |
|a RU
|b 63413507
|c 20150624
|g RCR
|
| 942 |
|
|
|c BK
|